Southville International School and Colleges
Your cart is empty.
  • Cart
  • Lists
    Public lists Eva Luna New books Lux_list list_1
    Your lists Log in to create your own lists
  • Log in to your account
  • Your cookies
  • Search history
Southville International School and Colleges
  • Advanced search
  • Recent comments
  • Most popular
  • Libraries

Log in to your account

Log in with GOOGLE


If you do not have an external account, but do have a local account, you can still log in:

  1. Home
  2. MARC view: Ethical decision making in the hospitality industry. /
Normal view MARC view ISBD view

Ethical decision making in the hospitality industry. / (Record no. 22745)

[ view plain ]
MARC details
000 -LEADER
fixed length control field 00537nam a2200181 a 4500
005 - DATE AND TIME OF LATEST TRANSACTION
control field 20140310183431.0
008 - FIXED-LENGTH DATA ELEMENTS--GENERAL INFORMATION
fixed length control field 080109s19uu xx 00 eng d
020 ## - INTERNATIONAL STANDARD BOOK NUMBER
International Standard Book Number 0131136801
050 ## - LIBRARY OF CONGRESS CALL NUMBER
Classification number TX 911.3.E84
Item number .J37 2006
100 ## - MAIN ENTRY--PERSONAL NAME
Personal name Jaszay, Christine
245 ## - TITLE STATEMENT
Title Ethical decision making in the hospitality industry. /
Statement of responsibility, etc Christine Jaszay
260 ## - PUBLICATION, DISTRIBUTION, ETC. (IMPRINT)
Place of publication, distribution, etc New Jersey :
Name of publisher, distributor, etc Pearson Prentice Hall,
Date of publication, distribution, etc 2006.
300 ## - PHYSICAL DESCRIPTION
Extent 436 p. :
Dimensions 24 cm.
650 ## - SUBJECT ADDED ENTRY--TOPICAL TERM
Topical term or geographic name as entry element Hospitality industry.
700 ## - ADDED ENTRY--PERSONAL NAME
Personal name Dunk, Paul
942 ## - ADDED ENTRY ELEMENTS (KOHA)
Koha item type Books
Source of classification or shelving scheme Library of Congress Classification
Call number prefix Foreign
Holdings
Withdrawn status Lost status Source of classification or shelving scheme Damaged status Home library Current library Shelving location Date acquired Source of acquisition Cost, normal purchase price Total Checkouts Full call number Barcode Date last seen Copy number Price effective from Koha item type
    Library of Congress Classification   College Library College Library General Circulation Section 01/09/2008 Donation 4426.00   TX 911.3.E84 .J37 2006 C8987 05/15/2018 1 10/18/2013 Books

Ethical decision making in the hospitality industry. /

APA

Jaszay C., Dunk P., . (2006). Ethical decision making in the hospitality industry. New Jersey: Pearson Prentice Hall.

Chicago

Jaszay Christine, Dunk Paul, . 2006. Ethical decision making in the hospitality industry. New Jersey: Pearson Prentice Hall.

Harvard

Jaszay C., Dunk P., . (2006). Ethical decision making in the hospitality industry. New Jersey: Pearson Prentice Hall.

MLA

Jaszay Christine, Dunk Paul, . Ethical decision making in the hospitality industry. New Jersey: Pearson Prentice Hall. 2006.

  • Place hold
  • Print
  • Cite
  • Add to your cart (remove)
  • Save record
    BIBTEX Dublin Core MARCXML MARC (non-Unicode/MARC-8) MARC (Unicode/UTF-8) MARC (Unicode/UTF-8, Standard) MODS (XML) RIS
  • More searches
    Search for this title in:
    Other Libraries (WorldCat) Other Databases (Google Scholar) Online Stores (Bookfinder.com) Open Library (openlibrary.org)

Exporting to Dublin Core...

SOUTHVILLE LIBRARY

Southville International School and Colleges Library

1281 Tropical Ave. Cor. Luxembourg St., BF Homes International, Las Pinas City

Tel. No. 8256374 / 252358 Loc. 117/146

Powered by Koha